Statistics for Ed Sheeran songs (Extremely hard)

Click here to take the quiz!

General Stats

  • This quiz has been taken 21 times
  • The average score is 10 of 28

Answer Stats

Unique wordSong containing that word/phrase% Correct
Caramel thighsSouth Of The Border
76%
Pastries & banknotesThe A Team
71%
Durin's sonsI See Fire
65%
OxygenSave Myself
59%
LumiereTenerife Sea
59%
Stereotypical dayEraser
59%
Hotel doorDon't
53%
DelawareRemember The Name
47%
PrenupsBeautiful People
47%
Splattered teardropsGive Me Love
47%
Thousand rocksDive
41%
A capella & jukeboxGalway Girl
41%
Sangria & waistlineBarcelona
41%
Illegal weedNina
41%
NursingHappier
41%
Supress devotionI'm A Mess
35%
High horseTake me back to London
29%
Pothole & flintHearts Don't Break Around Here
29%
Wordsmith & waxYou Need Me, I Don't Need You
29%
Red wineBloodstream
29%
iPod & dragonHomeless
24%
ZoomAntisocial
24%
AnchoredShirtsleeves
12%
RaveSing
12%
Brand newShape Of You
12%
Heating & lipsticksDrunk
0%
UncertaintyLay It All On Me
0%
Ripped & HeartbeatPhotograph
0%

Score Distribution

Percentile by Number Answered

Percent of People with Each Score

Your Score History

You have not taken this quiz